| 000 | 01721nam a2200361 a 4500 | ||
|---|---|---|---|
| 001 | ebr10588573 | ||
| 003 | CaPaEBR | ||
| 006 | m u | ||
| 007 | cr cn||||||||| | ||
| 008 | 790913s1979 ne ad sb 101 0 eng d | ||
| 020 | _z9027977801 | ||
| 020 | _z0202900878 (AVC Inc.) | ||
| 020 | _z9789027977809 | ||
| 020 | _z9783110807714 (e-book) | ||
| 040 |
_aCaPaEBR _cCaPaEBR |
||
| 035 | _a(OCoLC)840488479 | ||
| 050 | 1 | 4 |
_aHX550.A56 _bT68 1979eb |
| 082 | 0 | 4 | _a301.2 |
| 245 | 0 | 0 |
_aToward a Marxist anthropology _h[electronic resource] : _bproblems and perspectives / _ceditor, Stanley Diamond. |
| 260 |
_aThe Hague ; _aNew York : _bMouton, _c1979. |
||
| 300 |
_axi, 492 p. : _bill. |
||
| 440 | 0 | _aWorld anthropology | |
| 500 | _aPapers prepared for the 9th International Congress of Anthropological and Ethnological Sciences. | ||
| 504 | _aIncludes bibliographical references and indexes. | ||
| 505 | 0 | _apt. 1. An existential opening -- pt. 2. The structuralist constraint -- pt. 3. Primitive communism as theory and critique -- pt. 4. African perspectives -- pt. 5. Ideological reflections -- pt. 6. Some academic and bourgeois illusions. | |
| 533 |
_aElectronic reproduction. _bPalo Alto, Calif. : _cebrary, _d2011. _nAvailable via World Wide Web. _nAccess may be limited to ebrary affiliated libraries. |
||
| 650 | 0 | _aMarxist anthropology. | |
| 655 | 7 |
_aElectronic books. _2local |
|
| 700 | 1 |
_aDiamond, Stanley, _d1922- |
|
| 710 | 2 | _aebrary, Inc. | |
| 711 | 2 |
_aInternational Congress of Anthropological and Ethnological Sciences _n(9th : _d1973 : _cChicago, Ill.) |
|
| 856 | 4 | 0 |
_uhttp://site.ebrary.com/lib/rucke/Doc?id=10588573 _zAn electronic book accessible through the World Wide Web; click to view |
| 999 |
_c208361 _d208361 |
||